This closes the door on doubts (Record no. 64171)
[ view plain ]
| 000 -LEADER | |
|---|---|
| fixed length control field | 01033cam a2200253 4500 |
| 001 - CONTROL NUMBER | |
| control field | ABS62599 |
| 008 - FIXED-LENGTH DATA ELEMENTS--GENERAL INFORMATION | |
| fixed length control field | 000000n2000 000 0 eng u |
| 035 ## - SYSTEM CONTROL NUMBER | |
| System control number | (Sirsi) u107332 |
| 100 ## - MAIN ENTRY--PERSONAL NAME | |
| Personal name | Winter, J. |
| 245 ## - TITLE STATEMENT | |
| Title | This closes the door on doubts |
| 260 ## - PUBLICATION, DISTRIBUTION, ETC. | |
| Date of publication, distribution, etc. | 2000 |
| 490 ## - SERIES STATEMENT | |
| Series statement | Construction News |
| Volume/sequential designation | (6673) 6 July 2000, 38(1) |
| 520 ## - SUMMARY, ETC. | |
| Summary, etc. | Parties losing at arbitration may look for evidence that the arbitrator was biased. An arbitrator can be removed if there are justifiable doubts of impartiality, and also for misconduct. Recommends it is wise for an arbitrator to disclose any interests at the outset. Outlines the problems of an arbitrator's inadvertent non-disclosure of interest in "AT & T and Lucent v Saudi Cable Co". |
| 590 ## - LOCAL NOTE (RLIN) | |
| Local note | ABS |
| 650 ## - SUBJECT ADDED ENTRY--TOPICAL TERM | |
| Topical term or geographic name entry element | DISCLOSURE OF INTEREST |
| 650 ## - SUBJECT ADDED ENTRY--TOPICAL TERM | |
| Topical term or geographic name entry element | AT AND T AND LUCENT V SAUDI CABLE CO |
| 650 ## - SUBJECT ADDED ENTRY--TOPICAL TERM | |
| Topical term or geographic name entry element | ARBITRATORS |
| 650 ## - SUBJECT ADDED ENTRY--TOPICAL TERM | |
| Topical term or geographic name entry element | BIAS |
| 650 ## - SUBJECT ADDED ENTRY--TOPICAL TERM | |
| Topical term or geographic name entry element | MISCONDUCT |
| 650 ## - SUBJECT ADDED ENTRY--TOPICAL TERM | |
| Topical term or geographic name entry element | LITIGATION |
| 650 ## - SUBJECT ADDED ENTRY--TOPICAL TERM | |
| Topical term or geographic name entry element | CONFLICT OF INTEREST |
| 690 ## - LOCAL SUBJECT ADDED ENTRY--TOPICAL TERM (OCLC, RLIN) | |
| Topical term or geographic name as entry element | Dispute resolution |
| 9 (RLIN) | 6236 |
| 942 ## - ADDED ENTRY ELEMENTS (KOHA) | |
| Suppress in OPAC | 0 |
| Withdrawn status | Lost status | Source of classification or shelving scheme | Damaged status | Not for loan | Home library | Current library | Shelving location | Date acquired | Total Checkouts | Full call number | Barcode | Date last seen | Copy number | Price effective from | Koha item type |
|---|---|---|---|---|---|---|---|---|---|---|---|---|---|---|---|
| Dewey Decimal Classification | London | London | Journal article | 26/07/2000 | ABS62599 | 107332-1001 | 06/08/2019 | 1 | 06/08/2019 | Journal article |